|
|
|
|
| LEADER |
00000nam a2200000 a 4500 |
| 001 |
vtls008961728 |
| 003 |
SK-MaSNL |
| 005 |
20260302005203.0 |
| 008 |
240313s2006 xo dal g 000 0 slo |
| 015 |
|
|
|a SNBA2007/06-02250
|
| 020 |
|
|
|a 808083332X
|q (brož.)
|
| 035 |
|
|
|a 0AC246BA-59AC-4681-80BE-DBE4CF6B9F39
|
| 035 |
|
|
|a urn:nbn:sk:snk-amla4g
|
| 035 |
|
|
|a urn:nbn:sk:snk-am008qwb
|
| 040 |
|
|
|a SNK
|b slo
|c SNK
|e AACR2
|
| 041 |
0 |
|
|a slo
|b eng
|b slo
|
| 044 |
|
|
|a xo
|c SK
|
| 072 |
|
7 |
|a 796
|x Šport. Hry. Telesné cvičenia
|2 konspekt
|
| 080 |
|
|
|a 796.012.21
|2 2001
|
| 080 |
|
|
|a 796.012.6
|2 2001
|
| 080 |
|
|
|a 796.8
|2 2001
|
| 080 |
|
|
|a 373.3
|2 2001
|
| 080 |
|
|
|a (048.8)
|2 2001
|
| 100 |
1 |
|
|a Bartik, Pavol,
|d 1959-
|4 aut
|9 101454
|
| 245 |
1 |
0 |
|a Úpoly na 2. stupni základnej školy
|b (monografia)
|c Pavol Bartík
|
| 250 |
|
|
|a 1. vyd.
|
| 260 |
|
|
|a Banská Bystrica
|b Univerzita Mateja Bela
|c 2006
|
| 300 |
|
|
|a 135 s.
|b grafy, ilustr., tab.
|c 21 cm
|
| 366 |
|
|
|e 100 výtl.
|
| 504 |
|
|
|a Bibliogr. s. 115-121. Zoz. ilustr. a tab.
|
| 546 |
|
|
|a Res. angl., slov.
|
| 650 |
0 |
7 |
|a telesná zdatnosť
|2 SNKPH
|9 63962
|
| 650 |
0 |
7 |
|a telesné cvičenia
|2 SNKPH
|9 707
|
| 650 |
0 |
7 |
|a úpolové cvičenia
|2 SNKPH
|9 67914
|
| 650 |
0 |
7 |
|a úpolové športy
|2 SNKPH
|9 3270
|
| 650 |
0 |
7 |
|a základné školy
|2 SNKPH
|9 1280
|
| 655 |
|
7 |
|a monografie
|2 SNKPH
|9 70139
|
| 919 |
|
|
|a 80-8083-332-X
|
| 958 |
|
|
|a NB
|
| 958 |
|
|
|a OND
|
| 968 |
|
|
|d 793/799
|
| 999 |
|
|
|c 998610
|d 1000540
|
| 952 |
|
|
|a SNK
|b SNK
|y VYP
|7 0
|p 17A0547515
|o snkSC 127455 D1
|i snk2007/9440
|8 0
|0 0
|1 0
|4 0
|d 2007-04-04
|l 0
|r 2026-02-24 12:11:01
|w 2026-02-24
|
| 952 |
|
|
|a SNK
|b SNK
|y PREZ
|7 0
|p 17A0547516
|o snkSC 127455
|i snk2007/9439
|8 0
|0 0
|1 0
|4 0
|d 2007-04-04
|f 1
|l 0
|r 2025-06-16 00:00:00
|w 2026-02-24
|